Normal view
MARC view
- saluet-militray life
Entry Corporate Name
001 - CONTROL NUMBER
- control field: 1899
003 - CONTROL NUMBER IDENTIFIER
- control field: NUST
005 - DATE AND TIME OF LATEST TRANSACTION
- control field: 20170602103154.0
008 - FIXED-LENGTH DATA ELEMENTS
- fixed length control field: 170602|| aca||aabn | a|a d
040 ## - CATALOGING SOURCE
- Original cataloging agency: NUST
- Transcribing agency: NUST
110 ## - HEADING--CORPORATE NAME
- Corporate name or jurisdiction name as entry element: saluet-militray life
670 ## - SOURCE DATA FOUND
- Source citation: Work cat.: (NUST)0: Salik Siddique 1898, Emergency, 2006
